Capitals of countries with multiple capitals - with map - Statistics

General Stats
  • This quiz has been taken 75 times
  • The average score is 24 of 36
Answers on the Map
Answers color-coded by a green-red scale on the quiz's map according to % correct below.
 
Answer Stats
Category country Status capital % Correct
UN member Netherlands official Amsterdam
100%
Disputed Palestine de jure East Jerusalem
100%
UN member Israel official, unrecognized by UN Jerusalem
100%
UN member Bolivia administrative La Paz
100%
UN member Chile official Santiago de Chile
100%
UN member South Africa executive Pretoria
96%
UN member South Africa legislative Cape Town
94%
UN member Bolivia constitutional Sucre
94%
UN member Sri Lanka executive, judicial Colombo
92%
UN member Malaysia official, legislative & royal Kuala Lumpur
92%
UN member South Africa judicial Bloemfontein
90%
UN member Yemen de jure Sanaa
90%
UN member Tanzania official, legislative Dodoma
88%
UN member Montenegro official Podgorica
86%
UN member Tanzania de facto, judicial Dar-es-Salaam
82%
UN member Netherlands de facto Den Haag
80%
UN member Benin official Porto Novo
80%
UN member Sri Lanka official Sri Jayawardenepura Kotte
80%
UN member Israel according to UN Tel Aviv
80%
UN member Ivory Coast seat of government Abidjan
73%
UN member Ivory Coast official Yamoussoukro
73%
UN member Eswatini administrative Mbabane
69%
UN member Burundi official Gitega
65%
UN member Benin seat of government Cotonou
61%
UN member Yemen de facto, provisional Aden
55%
UN member Burundi de facto Bujumbura
51%
Disputed Palestine de facto Ramallah
51%
UN member Chile legislative Valparaíso
47%
Disputed West Sahara declared Laayoune / El Aaiún
27%
UN member Eswatini royal & legislative Lobamba
25%
Territory (UK) Montserrat official Plymouth
25%
UN member Montenegro seat of the President Cetinje
22%
Territory (UK) Montserrat de facto Brades
20%
UN member Malaysia administrative and judicial Putrajaya
20%
Disputed West Sahara government in exile Tindouf (in Algeria)
14%
Disputed West Sahara de facto Tifariti
12%
No matching quizzes found
Score Distribution
Percent of People with Each Score
Percentile by Number Answered
Your Score History
You have not taken this quiz